000 01179nam a2200241Ia 4500
003 OSt
005 20230607114011.0
008 210210b2017 xxu||||| |||| 00| 0 eng d
020 _a9789385998461
040 _cAL
041 _aeng
082 _a547.2 KALO
100 _aKALSI (P S)
_9121311
245 _aOrganic synthesis through disconnection approach
250 _aRev ed 2
260 _aNew Delhi
_bMedtech
_c2017
300 _axvi,464
520 _aThe book provides a self study in the area of organic synthesis through disconnection approach. It includes all the essential information on the subject which forms an important component of postgraduate course work in all the Indian universities. Key Features: · Focuses on core knowledge in a concise yet complete manner to learn disconnections leading to organic synthesis · Enables the reader to grasp and understand the subject quickly and easily · Provides invaluable hints and tips helping the student assimilate complex information · A huge number of problems and their answers included.
650 _aorganic
_9121323
690 _aOrganic Chemistry
_9121312
906 _a071387
942 _2ddc
_cBK
999 _c120694
_d120694